[Event "Oravska Priehrada op"]
[Site "Namestovo"]
[Date "2017.08.25"]
[Round "1"]
[White "Nemsak, Denis"]
[Black "Zborek, Antoni"]
[Result "1-0"]
[WhiteElo "2020"]
[BlackElo "1611"]
[PlyCount "77"]
[EventDate "2017.08.25"]
[EventType "swiss"]
[EventRounds "7"]
[EventCountry "SVK"]
[SourceTitle "CBM 180 Extra"]
[Source "ChessBase"]
[SourceDate "2017.10.06"]
[SourceVersion "1"]
[SourceVersionDate "2017.10.06"]
[SourceQuality "1"]

1. c4 e6 2. e4 d6 3. Nc3 c5 4. g3 Nc6 5. Bg2 Nf6 6. Nge2 Ne5 7. d3 Bd7 8. 0-0 Be7 9. f4 Nc6 10. h3 a6 11. Be3 Qc7 12. a3 0-0-0 13. Qb1 h5 14. b4 Na7 15. e5 dxe5 16. fxe5 Qxe5 17. Bf4 Qf5 18. bxc5 Bxc5+ 19. d4 Qxb1 20. Raxb1 Bc6 21. dxc5 Nd7 22. Bd6 f5 23. Nf4 Rh6 24. Rfe1 Re8 25. Ncd5 g5 26. Nd3 Rhh8 27. Nc7 Bxg2 28. Kxg2 Nc6 29. Nxe8 Rxe8 30. Ne5 Ndxe5 31. Bxe5 Na5 32. Rb4 Kd7 33. Rd1+ Kc6 34. Bd6 Kd7 35. Bf4+ Kc6 36. Bxg5 Kxc5 37. Be3+ Kc6 38. Bb6 Nxc4 39. Rc1 1-0